[Event "BRA-ch 90th"]
[Site "Natal"]
[Date "2024.12.19"]
[Round "9"]
[White "Rocha, Lucas De Oliveira"]
[Black "Da Silva Junior, Emanuel Tavares"]
[Result "1-0"]
[WhiteElo "1869"]
[BlackElo "1676"]
[PlyCount "107"]
[EventDate "2024.12.13"]
[EventType "swiss"]
[EventRounds "11"]
[EventCountry "BRA"]
[SourceTitle "CB52_2024"]
[SourceDate "2024.12.25"]
[SourceVersion "1"]
[SourceVersionDate "2024.12.25"]
[SourceQuality "1"]

1. d4 d5 2. c4 c6 3. Nf3 Nf6 4. Qc2 e6 5. Bg5 Be7 6. Nbd2 0-0 7. e3 h6 8. Bh4 Nbd7 9. Bd3 a6 10. 0-0 Kh8 11. h3 Rg8 12. Bg3 b5 13. b3 bxc4 14. bxc4 c5 15. e4 dxe4 16. Nxe4 Bb7 17. Ne5 Nxe5 18. dxe5 Nxe4 19. Bxe4 Bxe4 20. Qxe4 Qc7 21. Qf3 Rgf8 22. Rab1 Rab8 23. Rxb8 Qxb8 24. Rd1 Kg8 25. Rd7 Re8 26. Rb7 Qc8 27. Bh4 g5 28. Bg3 Qd8 29. Qc6 Kf8 30. Qxa6 h5 31. Rb1 Qd3 32. Qb5 Rd8 33. Qb3 h4 34. Bh2 Qxb3 35. axb3 Rb8 36. Kf1 Rb4 37. Ke2 Kg7 38. Kd3 Kg6 39. Ke4 Rb7 40. Kd3 Rd7+ 41. Kc3 Kf5 42. Re1 Bd8 43. Ra1 f6 44. Ra2 fxe5 45. b4 cxb4+ 46. Kxb4 Be7+ 47. c5 Rc7 48. Rc2 Ke4 49. Kb5 Kd5 50. Rd2+ Ke4 51. c6 Rc8 52. Re2+ Kf5 53. Bxe5 Rd8 54. c7 1-0

[Event "BRA-ch 90th"]
[Site "Natal"]
[Date "2024.12.14"]
[Round "3"]
[White "Lopes, Francisco Bernadino"]
[Black "Rocha, Lucas De Oliveira"]
[Result "0-1"]
[WhiteElo "1579"]
[BlackElo "1869"]
[PlyCount "138"]
[EventDate "2024.12.13"]
[EventType "swiss"]
[EventRounds "11"]
[EventCountry "BRA"]
[SourceTitle "CB52_2024"]
[SourceDate "2024.12.25"]
[SourceVersion "1"]
[SourceVersionDate "2024.12.25"]
[SourceQuality "1"]

1. e4 c5 2. Nf3 Nc6 3. a3 g6 4. Bc4 Bg7 5. 0-0 e6 6. c3 Nge7 7. d3 0-0 8. Be3 d5 9. Bb5 d4 10. Bg5 h6 11. Bd2 a6 12. Bc4 b5 13. Ba2 Kh7 14. h3 e5 15. b4 cxb4 16. cxb4 Qd6 17. Be1 Nd8 18. Nbd2 Be6 19. Nb3 Nc8 20. Nc5 Bxa2 21. Rxa2 Nb6 22. a4 Ne6 23. a5 Nd7 24. Nxd7 Qxd7 25. Rc2 Rac8 26. Bd2 f5 27. Re1 f4 28. Qb1 g5 29. Nh2 h5 30. Qd1 Rxc2 31. Qxc2 Rc8 32. Qd1 Qf7 33. f3 Nf8 34. Qb1 Nd7 35. Nf1 Nf6 36. Rc1 Qd7 37. Rc5 Rxc5 38. bxc5 Qc6 39. Bb4 Bf8 40. Qc2 Nd7 41. g3 Bxc5 42. Kg2 Qd6 43. Bd2 Nb8 44. h4 g4 45. Qd1 gxf3+ 46. Qxf3 Qg6 47. Kh2 fxg3+ 48. Nxg3 Be7 49. Nf5 Bc5 50. Ng3 Be7 51. Nf5 Ba3 52. Ng3 Nd7 53. Nxh5 b4 54. Bg5 b3 55. Nf6+ Nxf6 56. Bxf6 b2 57. Qf1 b1R 58. Qxb1 Qxf6 59. Qb7+ Kh6 60. Kg2 Qg7+ 61. Qxg7+ Kxg7 62. Kg3 Bb4 63. Kg4 Bxa5 64. Kf5 Bc7 65. Kg5 Bd8+ 66. Kh5 a5 67. Kg4 Bxh4 68. Kxh4 Kf6 69. Kg4 a4 0-1